000 00663nam a2200229 i 4500
001 bg
245 1 0 _aAdobe Photoshop 5.0 praktyczne projekty :
_b25 gotowych projektów do wykorzystania w Photoshopie /
_ctł. Marek Binkowski.
260 _aGliwice :
_b"Helion",
_ccop. 2000.
300 _a156 s. :
_bil. kolor. ;
_c24 cm +
_eCD ROM.
650 4 _aPhotoshop
650 4 _aPodręczniki
020 _a8371972563
040 _cBPK
041 0 _apl
080 _a004.42
080 _a004.92
080 _a(07)
920 _a83-7197-256-3
942 _cKS
008 s pl f |000 0 pol
999 _c38771
_d38771
856 _uhttp://koha.tu.koszalin.pl/cgi-bin/koha/opac-detail.pl?biblionumber=38771
_yKatalog online BPK